000 00476nam a2200181Ia 4500
999 _c16896
_d16896
003 OSt
005 20200606120026.0
008 190216s9999||||xx |||||||||||||| ||und||
020 _a8088538302
040 _cMESKC library
082 _a294
_bVIN/Y
100 _aVinay
_9347
245 0 _aYogiraj Sreekrishna /
_cVinay
260 _bPrayeg Prakashan,
_c2010.
_aDelhi:
300 _a182p
650 _aHindi
942 _cBK
_2ddc
_h294
_iVIN/Y
_k294
_mVIN/Y